ՀՀ Գիտությունների ազգային ակադեմիայի հիմնարար գիտական գրադարան  =   Fundamental Scientific Library of NAS RA

Язык вражды против общества : (Record no. 254056)

MARC details
000 -LEADER
fixed length control field 01030nam a2200277 a 4500
001 - CONTROL NUMBER
control field 000685227
003 - CONTROL NUMBER IDENTIFIER
control field AM-YeHGA
005 - DATE AND TIME OF LATEST TRANSACTION
control field 20250618073627.0
008 - FIXED-LENGTH DATA ELEMENTS--GENERAL INFORMATION
fixed length control field 091014s2007 ||| r 000 0 rus d
020 ## - INTERNATIONAL STANDARD BOOK NUMBER
International Standard Book Number 5984180081
040 ## - CATALOGING SOURCE
Original cataloging agency AM-YeHGA
041 0# - LANGUAGE CODE
Language code of text/sound track or separate title rus
080 ## - UNIVERSAL DECIMAL CLASSIFICATION NUMBER
Universal Decimal Classification number 323.1
090 ## - LOCALLY ASSIGNED LC-TYPE CALL NUMBER (OCLC); LOCAL CALL NUMBER (RLIN)
-- 255655
245 00 - TITLE STATEMENT
Title Язык вражды против общества :
Remainder of title Сборник статей /
Statement of responsibility, etc. Информ.-аналит. центр " Сова"; Сост. А. Верховский.
260 ## - PUBLICATION, DISTRIBUTION, ETC.
Place of publication, distribution, etc. Москва :
Name of publisher, distributor, etc. Центр "Сова",
Date of publication, distribution, etc. 2007.
300 ## - PHYSICAL DESCRIPTION
Extent 259 c. :
Other physical details табл.
440 #0 - SERIES STATEMENT/ADDED ENTRY--TITLE
Title Научное издание
650 14 - SUBJECT ADDED ENTRY--TOPICAL TERM
Topical term or geographic name entry element Культура
9 (RLIN) 5174
650 14 - SUBJECT ADDED ENTRY--TOPICAL TERM
Topical term or geographic name entry element Социология
653 0# - INDEX TERM--UNCONTROLLED
Uncontrolled term Просвещение
653 0# - INDEX TERM--UNCONTROLLED
Uncontrolled term Интолерантность
653 0# - INDEX TERM--UNCONTROLLED
Uncontrolled term Ксенофобия
700 1# - ADDED ENTRY--PERSONAL NAME
Personal name Верховский, Александр Маркович
Relator term сост.
Relationship com
710 2# - ADDED ENTRY--CORPORATE NAME
Corporate name or jurisdiction name as entry element "Сова", информационно-аналитический центр (Москва)
Holdings
Withdrawn status Lost status Damaged status Not for loan Collection Home library Current library Date acquired Total checkouts Full call number Barcode Date last seen Price effective from Koha item type Public note
        General Fundamental Scientific Library Fundamental Scientific Library 29/12/2016   PII/654812 FL0136850 29/12/2016 29/12/2016 Գրքեր / Books 30 Days Loan
        General Fundamental Scientific Library Fundamental Scientific Library 29/12/2016   PII/654528 FL0124987 29/12/2016 29/12/2016 Գրքեր / Books 30 Days Loan


ՀՀ ԳԱԱ հիմնարար գիտական գրադարան
ՀՀ,Երևան 0019
Մարշալ Բաղրամյան 24/6
հեռախոս:(374-10) 52-47-50
Հետադարձ կապ

All site content, except where otherwise noted, is licensed under a
Creative Commons License